[Event "39th Open"]
[Site "Mislata ESP"]
[Date "2005.08.21"]
[Round "4"]
[White "Asensio Linan,T"]
[Black "Basto Auzmendi,M"]
[Result "1-0"]
[WhiteElo "2228"]
[BlackElo "2132"]

1.d4 Nf6 2.Bg5 Ne4 3.Bh4 g5 4.f3 gxh4 5.fxe4 c5 6.e3 Bh6 7.Kf2 Nc6 8.Qh5 Bg7
9.Bc4 e6 10.Qxc5 d6 11.Qh5 O-O 12.Nf3 f5 13.exf5 d5 14.Bd3 Nb4 15.Qxh4 Nxd3+
16.cxd3 Qb6 17.Nbd2 Rxf5 18.Rhc1 Bd7 19.Rc2 e5 20.dxe5 Bxe5 21.Qe7 Ba4 22.Nb3 Qh6
23.Rg1 Re8 24.Qc5 Bxh2 25.Rf1 b6 26.Qd4 Bd7 27.Re1 Qg5 28.e4 Qg3+ 29.Kf1 Bb5
30.exf5  1-0

[Event "Ada Open"]
[Site "Belgrade SCG"]
[Date "2005.08.22"]
[Round "8"]
[White "Lundin,J"]
[Black "Jovanovic,Zo1 SCG"]
[Result "1/2-1/2"]
[WhiteElo "2262"]
[BlackElo "2330"]

1.d4 Nf6 2.Bg5 Ne4 3.Bf4 c5 4.d5 e6 5.dxe6 fxe6 6.Nf3 Nc6 7.e3 Qf6 8.c3 d5
9.Be2 Bd7 10.h4 g6 11.Ng5 Nxf2 12.Kxf2 e5 13.Qxd5 exf4 14.exf4 Qxf4+ 15.Qf3 Qxf3+
16.Bxf3 Be7 17.Re1 O-O 18.Kg1 h6 19.Ne6 Rf5 20.Nc7 Bxh4 21.Re4 Rc8 22.Rxh4 Rxc7
23.Rxh6 Ne5 24.Nd2 Bb5 25.Be4 Rf4 26.Re1 Bd7 27.Nf3 Kg7 28.Rh1 Nc4 29.Bd5 Bg4
30.Bxc4 Rxc4 31.Ne5 Re7 32.Kf2 Ra4 33.Nxg4 Rxe1 34.Rxe1 Rxg4 35.Re7+ Kf6
36.Rxb7 Ra4 37.a3 Ke5 38.Kf3 Kd5 39.Rg7 Kc4 40.Rb7 Kd3 41.Rb8 g5 42.Rg8 Rf4+
43.Kg3 Rf5 44.Rc8 c4 45.Rb8 Kc2 46.Kg4 Re5 47.g3 a6 48.a4 Kd3 49.Rb6 Ra5
50.Rb4 Re5 51.Kh5 Rc5 52.Kg4  1/2-1/2

[Event "2nd Open Fincas Mediterranea"]
[Site "Castelldefels ESP"]
[Date "2005.08.22"]
[Round "6"]
[White "Sucher,J"]
[Black "Sanjuan Morigosa,I"]
[Result "1-0"]
[WhiteElo "2207"]
[BlackElo "2003"]

1.d4 Nf6 2.Bg5 Ne4 3.Bh4 g5 4.f3 gxh4 5.fxe4 c5 6.e3 d6 7.Bc4 e6 8.Nf3 h3
9.g3 Bh6 10.Qe2 a6 11.c3 Bd7 12.O-O Nc6 13.d5 Na5 14.dxe6 fxe6 15.Nbd2 Qe7
16.Rad1 O-O-O 17.Bxa6 bxa6 18.Qxa6+ Nb7 19.Nc4 Be8 20.b4 Bg6 21.b5 Bxe4 22.Nfe5 Bxe3+
23.Nxe3 dxe5 24.b6 Rd6 25.Nc4 Kd7 26.Qa4+ Kc8 27.Qa8+ Kd7 28.Nxe5+  1-0

[Event "41st Rubinstein Mem Open A"]
[Site "Polanica Zdroj POL"]
[Date "2005.08.22"]
[Round "4"]
[White "Szoen,D"]
[Black "Bielczyk,J"]
[Result "0-1"]
[WhiteElo "2459"]
[BlackElo "2346"]

1.d4 Nf6 2.Bg5 Ne4 3.Bf4 c5 4.d5 Qb6 5.Bc1 g6 6.f3 Nd6 7.e4 Bg7 8.Nd2 e6
9.Qe2 O-O 10.e5 Nf5 11.dxe6 Qxe6 12.f4 Nc6 13.c3 d6 14.exd6 Qxd6 15.Ne4 Qd8
16.g4 Re8 17.gxf5 Bxf5 18.Bg2 Bxe4 19.Bxe4 f5 20.Qf3 Rxe4+ 21.Kf2 Qh4+ 22.Qg3 Qe7
23.Be3 Re8 24.Re1 Bd4 25.cxd4 cxd4 26.Nf3 Rxe3 27.Kg2 Re2+ 28.Kh3 d3 29.Rxe2 dxe2
30.Re1 Qe4 31.Ng5 Qe3 32.Nf3 Qd3 33.Kg2 Re3 34.Kf2 Qe4  0-1

[Event "2nd Dato' Arthur Tan Malaysian Open"]
[Site "Kuala Lumpur MAS"]
[Date "2005.08.23"]
[Round "6"]
[White "Chan Tze Wei"]
[Black "Lim Chuing Hoong"]
[Result "0-1"]
[WhiteElo "2039"]
[BlackElo "2239"]

1.d4 Nf6 2.Bg5 Ne4 3.Bf4 c5 4.f3 Qa5+ 5.c3 Nf6 6.Nd2 cxd4 7.Nb3 Qf5 8.Qxd4 Nc6
9.Qd2 d5 10.e3 e5 11.Bd3 Qe6 12.Bg3 a5 13.Nc1 Bc5 14.Bb5 O-O 15.Nd3 Bd6 16.Ne2 Na7
17.Ba4 b5 18.Bc2 Nc6 19.a4 b4 20.O-O Ba6 21.Rfc1 Rfd8 22.Bh4 h6 23.Bb3 g5
24.Bg3 Bc4 25.Qc2 e4 26.fxe4 Qxe4 27.Bxc4 dxc4 28.Nf2 Qxe3 29.cxb4 Nxb4 30.Qxc4 Bxg3
31.Nxg3 Rd5 32.Rc3 Qe6 33.Nfe4 Nxe4 34.Qxe4 Qb6+ 35.Qe3 Qxe3+ 36.Rxe3 Nc2
37.Rae1 Nxe3 38.Rxe3 Rd1+ 39.Kf2 Rd2+ 40.Kf3 Rxb2 41.Nf5 Kh7 42.Re7 Kg6 43.Nd6 Ra6
44.Nc4 Rf6+ 45.Ke3 Rxg2 46.Nxa5 Ra2 47.Nc4 Rxa4 48.Ne5+ Kg7 49.Rd7 Rh4  0-1

[Event "2nd Dato' Arthur Tan Malaysian Open"]
[Site "Kuala Lumpur MAS"]
[Date "2005.08.23"]
[Round "6"]
[White "Koneru,C"]
[Black "Jones,B"]
[Result "1-0"]
[WhiteElo "2235"]
[BlackElo "2173"]

1.d4 Nf6 2.Bg5 Ne4 3.Bf4 c5 4.f3 Nf6 5.dxc5 Qa5+ 6.Qd2 Qxc5 7.Nc3 d6 8.e4 Nbd7
9.O-O-O g6 10.Kb1 a6 11.g4 h6 12.Be3 Qc7 13.Nge2 Ne5 14.Nd4 Bg7 15.h3 b5
16.Bd3 Bb7 17.Rhf1 Nc4 18.Bxc4 Qxc4 19.Nb3 a5 20.e5 a4 21.exf6 Bxf6 22.Nd4 b4
23.Ne4 Bg7 24.Qd3 Qxd3 25.cxd3 O-O 26.Rc1 Ba6 27.Nf2 a3 28.b3 e6 29.Rc6 Rfd8
30.Rb6 Rd7 31.Rc1 Bb7 32.Rxb4 e5 33.Nb5 Bxf3 34.Rbc4 Ra5 35.Rc8+ Kh7 36.Nc3 d5
37.Na4 Rxa4 38.bxa4 Rb7+ 39.Ka1 d4 40.Bd2 e4 41.Nxe4 Bxe4 42.dxe4 Re7 43.Kb1 Rb7+
44.Kc2 Rb2+ 45.Kd3 Rxa2 46.R1c2  1-0

[Event "13th Open"]
[Site "Nikaia GRE"]
[Date "2005.08.24"]
[Round "3"]
[White "Gogolis,A"]
[Black "Iatros,A"]
[Result "1-0"]
[WhiteElo "2272"]
[BlackElo "2051"]

1.d4 Nf6 2.Bg5 Ne4 3.Bf4 c5 4.f3 Qa5+ 5.c3 Nf6 6.Nd2 cxd4 7.Nb3 Qb6 8.Qxd4 Qxd4
9.cxd4 e6 10.e4 d6 11.Rc1 Nc6 12.Ne2 Be7 13.Nc3 a6 14.Bc4 Nd7 15.d5 Nb6 16.Nd2 Nb4
17.a3 Nxc4 18.axb4 Nxd2 19.Kxd2 Bd7 20.Rhd1 e5 21.Be3 O-O 22.b3 b5 23.Ra1 Bd8
24.Ra2 a5 25.Rda1 f5 26.exf5 Rxf5 27.bxa5 Rh5 28.h3 e4 29.fxe4 Bf6 30.b4 Re8
31.Rc1 Bxc3+ 32.Rxc3 Rxe4 33.a6 Rxd5+ 34.Rd3 Rxd3+ 35.Kxd3 Bc6 36.Rc2 Bd5
37.Bd4 Re8 38.Rc7 Bc4+ 39.Rxc4 bxc4+ 40.Kxc4 Rc8+ 41.Kd5 Rb8 42.a7  1-0

[Event "V Open"]
[Site "Vila de Marin ESP"]
[Date "2005.08.24"]
[Round "4"]
[White "Danilov,I"]
[Black "Perez Fungueiro,M"]
[Result "1-0"]
[WhiteElo "2363"]
[BlackElo "2300"]

1.d4 Nf6 2.Bg5 Ne4 3.Bf4 c5 4.f3 Qa5+ 5.c3 Nf6 6.Nd2 cxd4 7.Nb3 Qb6 8.Qxd4 Nc6
9.Qxb6 axb6 10.Nd4 e5 11.Nxc6 dxc6 12.Bxe5 Be6 13.e4 b5 14.Bd3 Nd7 15.Bd4 Rxa2
16.Rxa2 Bxa2 17.Ne2 Nc5 18.Bc2 Nb3 19.Kf2 f6 20.Be3 Bd6 21.Bxb3 Bxb3 22.Nd4 Bc4
23.Rd1 Bf8 24.b3 Bf7 25.b4 g6 26.Ra1 Kd7 27.Ra7 Kc7 28.Ra8 Rg8 29.Bf4+ Bd6
30.Bxd6+ Kxd6 31.Rxg8 Bxg8 32.Ke3 Bc4 33.h4 b6 34.g4 c5 35.Nc2 h6 36.f4 g5
37.hxg5 hxg5 38.Ne1 Bb3 39.fxg5 fxg5 40.Nf3 Bd1 41.Nxg5 Bxg4 42.Kf4 Bc8 43.Nf7+ Ke7
44.Ne5 Kd6 45.Ng4 Be6 46.e5+ Ke7 47.Nf6 Ba2 48.Ne4 cxb4 49.cxb4 Bb1 50.Ng5 Bc2
51.Ke3 Bb3 52.Kd4 Ba2 53.Ne4 Bc4 54.Nd6 Bf1 55.Nc8+ Kd7 56.Nxb6+ Kc6 57.Nd5 Bh3
58.Ne7+ Kd7 59.Ng8 Ke6 60.Nf6 Bf5 61.Ne4 Kd7 62.Nd6 Bh3 63.Nxb5 Bf1 64.Nc3 Ke6
65.Nd5 Kd7 66.Kc5 Ke6 67.Ne3 Ba6 68.Nc4 Bb7 69.b5  1-0

[Event "V Open"]
[Site "Vila de Marin ESP"]
[Date "2005.08.29"]
[Round "9"]
[White "Huerga Leache,M"]
[Black "Perez Fungueiro,M"]
[Result "1/2-1/2"]
[WhiteElo "2176"]
[BlackElo "2300"]

1.d4 Nf6 2.Bg5 Ne4 3.Bf4 c5 4.f3 Qa5+ 5.c3 Nf6 6.Nd2 cxd4 7.Nb3 Qb6 8.Qxd4 Nc6
9.Qxb6 axb6 10.Nd4 e5 11.Nxc6 exf4 12.Nd4 Bc5 13.g3 Nd5 14.gxf4 Ne3 15.Kd2 Nxf1+
16.Rxf1 Rxa2 17.Kc2 d5 18.e4 O-O 19.Nge2 dxe4 20.fxe4 Re8 21.e5 Bg4 22.Nc1 Ra4
23.Ncb3 Rc8 24.Ra1 Rxd4  1/2-1/2

[Event "Autumn 1"]
[Site "Alushta UKR"]
[Date "2005.09.05"]
[Round "2"]
[White "Ponfilenok,V"]
[Black "Obukhov,A"]
[Result "0-1"]
[WhiteElo "2271"]
[BlackElo "2522"]

1.d4 Nf6 2.Bg5 Ne4 3.Bf4 c5 4.f3 Qa5+ 5.c3 Nf6 6.Nd2 cxd4 7.Nb3 Qb6 8.Qxd4 Qxd4
9.cxd4 Nc6 10.e4 e6 11.Ne2 d5 12.Nc3 dxe4 13.fxe4 Bb4 14.Bd3 O-O 15.a3 Be7
16.O-O-O Ng4 17.d5 exd5 18.exd5 Nce5 19.Be2 Bf6 20.Rhf1 Ng6 21.Ne4 Nxf4 22.Nxf6+ Nxf6
23.Rxf4 b6 24.Bf3 Bb7 25.g4 Rac8+ 26.Kb1 Rfd8 27.g5 Ne8 28.h4 a6 29.Rb4 b5
30.Na5 Ba8 31.Rbd4 Kf8 32.Nc6 Rd6 33.Be4 Nc7 34.Bf5 Re8 35.Be4 Nxd5 36.Bxd5 Bxc6
37.Bb3 Rxd4 38.Rxd4 Re4 39.Rd6 Be8 40.h5 Re5 41.h6 Rxg5 42.hxg7+ Kxg7 43.Rxa6 h5
44.Ra8 Bc6 45.Ra7 Bd5 46.Bxd5 Rxd5 47.a4 bxa4 48.Rxa4 Kg6 49.Kc2 Kg5 50.Ra1 h4
51.Rg1+ Kh5 52.b4 h3 53.Rf1 f5 54.Kc3 Kg4 55.Kc4 Rd8 56.Rg1+ Kh4 57.Rh1 f4
58.b5 f3 59.b6 f2  0-1

[Event "TCh-POL Ekstraliga"]
[Site "Lubniewice POL"]
[Date "2005.09.09"]
[Round "7"]
[White "Guzkowska Nurkiewicz,M"]
[Black "Radziewicz,I"]
[Result "0-1"]
[WhiteElo "2140"]
[BlackElo "2447"]

1.d4 Nf6 2.Bg5 Ne4 3.Bf4 c5 4.f3 Nf6 5.dxc5 Qa5+ 6.Qd2 Qxc5 7.Nc3 d6 8.e4 a6
9.Bd3 Nbd7 10.Nge2 e6 11.g4 Ne5 12.Rf1 h6 13.h3 Qa5 14.Bh2 b5 15.f4 Nc4 16.Bxc4 bxc4
17.e5 dxe5 18.fxe5 Nd5 19.Nxd5 Qxd2+ 20.Kxd2 exd5 21.Nd4 h5 22.e6 Bxe6 23.Nxe6 fxe6
24.g5 Bb4+ 25.c3 Be7 26.h4 Rf8 27.Be5 g6 28.Bg7 Rf5 29.Rxf5 exf5 30.Ke3 Rb8
31.Kd4 Kf7 32.Be5 Rxb2 33.Kxd5 Rb5+ 34.Kd4 Bc5+ 35.Kxc4 Bf2 36.Bf4 Bxh4 37.Rd1 Rb6
38.Rh1 Bf2 39.Rh2 Bg1 40.Rh1 Re6 41.Kd5 Bf2 42.Rh2 Be1 43.c4 h4 44.Rh3 Re4
45.Be5 Re2 46.a3 Rd2+ 47.Kc6 Bf2 48.c5 Rc2 49.Bd6 Ke6 50.Rb3 f4 51.Rf3 Be3
52.Bxf4 Bxc5 53.Kb7 Rf2 54.Rxf2 Bxf2 55.Kxa6 Bg3 56.Be3 h3 57.Bg1 h2 58.Bxh2 Bxh2  0-1

[Event "zt 2.3"]
[Site "Guayaquil ECU"]
[Date "2005.09.10"]
[Round "8"]
[White "Hernandez Basante,F"]
[Black "Mieles Palau,D"]
[Result "1/2-1/2"]
[WhiteElo "2265"]
[BlackElo "2476"]

1.d4 Nf6 2.Bg5 Ne4 3.Bf4 c5 4.f3 Qa5+ 5.Nd2 Nxd2 6.Bxd2 Qb6 7.d5 e5 8.Bc3 d6
9.e4 Qc7 10.f4 f6 11.f5 g5 12.h4 h6 13.hxg5 fxg5 14.Bb5+ Kd8 15.Qh5 Bd7 16.Qf7 Kc8
17.Qf6 Rg8 18.Qf7 Rh8 19.Qf6 Rg8 20.Qf7  1/2-1/2

[Event "80th ch-ARG"]
[Site "Los Polvorines ARG"]
[Date "2005.09.10"]
[Round "3"]
[White "Soppe,G"]
[Black "Pierrot,F"]
[Result "1/2-1/2"]
[WhiteElo "2432"]
[BlackElo "2449"]

1.d4 Nf6 2.Bg5 Ne4 3.Bf4 c5 4.f3 Qa5+ 5.c3 Nf6 6.Nd2 cxd4 7.Nb3 Qd8 8.cxd4 d5
9.e3 e6 10.Rc1 Nc6 11.Bd3 Bb4+ 12.Kf2 O-O 13.Ne2 Bd6 14.Re1 Bxf4 15.Nxf4 Qd6
16.Kg1 b6 17.a3  1/2-1/2

[Event "TCh-FIN 2005-6"]
[Site "Helsinki FIN"]
[Date "2005.09.11"]
[Round "2"]
[White "Karttunen,M"]
[Black "Tuominen,R"]
[Result "1-0"]
[WhiteElo "2409"]
[BlackElo "2290"]

1.d4 Nf6 2.Bg5 Ne4 3.Bf4 c5 4.f3 Nf6 5.dxc5 Qa5+ 6.Qd2 Qxc5 7.e4 d6 8.Nc3 a6
9.O-O-O Nbd7 10.Be3 Qc7 11.g4 h6 12.h3 b5 13.Nd5 Nxd5 14.exd5 Bb7 15.f4 Rc8
16.Bg2 Nb6 17.Bxb6 Qxb6 18.f5 Qc5 19.Ne2 e5 20.fxe6 fxe6 21.Nf4 e5 22.Ne6 Qc4
23.Kb1 Rg8 24.Rhe1 Kd7 25.Bf1 Qa4 26.Bd3 g6 27.Re4 Rc4 28.b3 Rxe4 29.bxa4 Rxa4
30.Bxg6 Kc8 31.Bf5 Kb8 32.Nxf8 Rxf8 33.Qxh6  1-0

[Event "Geller mem Open A"]
[Site "Odessa UKR"]
[Date "2005.09.16"]
[Round "2"]
[White "Korobkov,P"]
[Black "Nedilko,V"]
[Result "1-0"]
[WhiteElo "2400"]
[BlackElo "2334"]

1.d4 Nf6 2.Bg5 Ne4 3.Bf4 c5 4.f3 Qa5+ 5.c3 Nf6 6.Nd2 cxd4 7.Nb3 Qb6 8.Qxd4 Qxd4
9.cxd4 Nc6 10.e4 d6 11.Rc1 e5 12.dxe5 dxe5 13.Be3 Bb4+ 14.Kf2 O-O 15.a3 Be7
16.Bb5 Rb8 17.Ne2 Be6 18.Nc5 a6 19.Bxc6 bxc6 20.b4 Bxc5 21.Rxc5 Nd7 22.Rxc6 a5
23.bxa5 Rb2 24.Rd1 Nb8 25.Rb6 Ra2 26.Rd2 Rxd2 27.Bxd2 Bc4 28.Nc3 Rc8 29.Nd5 Kf8
30.Rb7 Nc6 31.Bb4+ Kg8 32.a6  1-0

[Event "It"]
[Site "Klaksvik FAI"]
[Date "2005.09.17"]
[Round "2"]
[White "Fries Nielsen,JO"]
[Black "Gullaksen,E"]
[Result "1/2-1/2"]
[WhiteElo "2381"]
[BlackElo "2382"]

1.d4 Nf6 2.Bg5 Ne4 3.Bf4 c5 4.f3 Qa5+ 5.c3 Nf6 6.d5 Qb6 7.b3 e6 8.e4 exd5
9.exd5 Bd6 10.Bg5 Be7 11.d6 Qxd6 12.Qxd6 Bxd6 13.Bxf6 gxf6 14.Na3 Nc6 15.O-O-O Be5
16.Ne2 a6 17.f4 Bc7 18.Nc4 b5 19.Nd6+ Bxd6 20.Rxd6 Ke7 21.Rd5 d6 22.Ng3 Be6
23.Rd2 b4 24.cxb4 Nxb4 25.f5 Bd7 26.Bc4 Nc6 27.Bd5 Rae8 28.Bxc6 Bxc6 29.Nh5 d5
30.Re1+ Kd6 31.Rxe8 Rxe8 32.Nxf6  1/2-1/2

[Event "EYg18"]
[Site "Herceg Novi SCG"]
[Date "2005.09.22"]
[Round "8"]
[White "Padurariu,I"]
[Black "Limontaite,S"]
[Result "1/2-1/2"]
[WhiteElo "2197"]
[BlackElo "2095"]

1.d4 Nf6 2.Bg5 Ne4 3.Bf4 c5 4.f3 Qa5+ 5.c3 Nf6 6.Nd2 cxd4 7.Nb3 Qb6 8.Qxd4 Qxd4
9.cxd4 d5 10.e3 Nc6 11.Ne2 Bd7 12.Nc3 e6 13.a3 Be7 14.g4 O-O 15.Bd3 Rfc8
16.Kf2 g5 17.Bg3 h5 18.h4 gxh4 19.Bxh4 hxg4 20.Rag1 Kf8 21.fxg4 Ne8 22.Bxe7+ Kxe7
23.g5 Ng7 24.Rh7 Rg8 25.Nd2 Raf8 26.Ke2 a6 27.Nf3 Kd6 28.e4 Ne8 29.e5+ Kc7
30.Ke3 Ne7 31.Rc1 Kb8 32.Rch1 Kc7 33.Ne2 Ng7 34.Ng3 Kb6 35.Kd2 a5 36.R7h2 Bb5
37.Bh7 Rh8 38.Bc2 Rxh2+ 39.Rxh2 a4 40.Rh7 Rg8 41.Ne2 Bxe2 42.Kxe2 Ka5 43.Kd2 b5
44.Bd3 Nc6 45.Rh1 Ne8 46.Ke3 Kb6 47.Rh7 Nd8 48.Kf4 Nc7 49.Rh6 Na6 50.Rh7 Nb8
51.Ke3 Nbc6 52.Bc2 Na5 53.Bd3  1/2-1/2

[Event "Open A"]
[Site "Hamburg GER"]
[Date "2005.10.02"]
[Round "2"]
[White "Fries Nielsen,JO"]
[Black "Jordan,Ju"]
[Result "1-0"]
[WhiteElo "2381"]
[BlackElo "2142"]

1.d4 Nf6 2.Bg5 Ne4 3.Bf4 e6 4.f3 Bd6 5.Bxd6 Nxd6 6.e4 f5 7.e5 Nf7 8.f4 O-O
9.Nf3 d6 10.Nc3 Nd7 11.Qd2 a6 12.Be2 Qe7 13.O-O b6 14.exd6 cxd6 15.Rae1 Qf6
16.Bc4 d5 17.Rxe6  1-0

[Event "Open A"]
[Site "Hamburg GER"]
[Date "2005.10.03"]
[Round "3"]
[White "Ivanisevic,I"]
[Black "Wobbe,S"]
[Result "1-0"]
[WhiteElo "2588"]
[BlackElo "2200"]

1.d4 Nf6 2.Bg5 Ne4 3.Bf4 d5 4.e3 e6 5.Bd3 Bd6 6.Bxe4 dxe4 7.Qg4 O-O 8.Bxd6 Qxd6
9.Nc3 f5 10.Qg3 Bd7 11.Nge2 b5 12.a3 a5 13.O-O Na6 14.Rfd1 b4 15.axb4 axb4
16.Na4 Bb5 17.Nf4 Bxa4 18.Rxa4 e5 19.Nh3 f4 20.Qg4 fxe3 21.fxe3 exd4 22.Qxe4 Nc5
23.Qxa8 Rxa8 24.Rxa8+ Kf7 25.exd4 Ne4 26.Ra5 h6 27.Nf2 Nf6 28.Rc5 Nd7 29.Ne4 Qb6
30.Rf5+ Kg8 31.Rf2 Qe6 32.Re1 Qc4 33.c3 bxc3 34.bxc3 c5 35.Rd2 cxd4 36.Rxd4 Qc7
37.h3 Kh7 38.Re3 Ne5 39.Nd6 Qc5 40.Ne8 Nc6 41.Rde4 Qb6 42.Re6 Qb1+ 43.Kh2 Qb8+
44.Rg3  1-0

[Event "Open A"]
[Site "Hamburg GER"]
[Date "2005.10.04"]
[Round "4"]
[White "Johannsen,D"]
[Black "Michna,C"]
[Result "0-1"]
[WhiteElo "2099"]
[BlackElo "2251"]

1.d4 Nf6 2.Bg5 Ne4 3.Bf4 c5 4.f3 Qa5+ 5.c3 Nf6 6.Nd2 cxd4 7.Nc4 Qd8 8.Bxb8 Rxb8
9.Qxd4 b5 10.Ne5 Qb6 11.O-O-O d6 12.Nd3 Qxd4 13.cxd4 g6 14.e4 Bh6+ 15.Kb1 Bd7
16.Ne2 O-O 17.g3 b4 18.Nef4 e6 19.Bg2 a5 20.h4 Bb5 21.g4 Nd7 22.g5 Bg7 23.Nc1 Nb6
24.Bf1 Ba4 25.Nb3 Ra8 26.Rh2 Ra7 27.Rhd2 Bd7 28.d5 e5 29.Ng2 f5 30.Bd3 Ba4
31.Rf1 Bxb3 32.axb3 Nd7 33.exf5 gxf5 34.Ne3 Nc5 35.Bc2 a4 36.bxa4 b3 37.Bxf5 Rxa4
38.h5 Rfa8 39.Kc1 Ra1+ 40.Bb1 Rc8 41.Rg2 Ne4+ 42.Kd1 Rxb1+ 43.Ke2 Rxb2+  0-1

[Event "Vojvodina Quality League"]
[Site "Pancevo SCG"]
[Date "2005.10.04"]
[Round "2"]
[White "Kosanovic,G"]
[Black "Carnic,S"]
[Result "1/2-1/2"]
[WhiteElo "2408"]
[BlackElo "2331"]

1.d4 Nf6 2.Bg5 Ne4 3.Bf4 d5 4.e3 Bf5 5.Bd3 e6 6.Nd2 Bd6 7.Bxe4 Bxe4 8.Nxe4 dxe4
9.Qg4 O-O 10.O-O-O f5 11.Qg3 Bxf4 12.Qxf4 Qd5 13.Kb1 Nc6 14.Ne2 Nb4 15.Nc3 Qd7
16.h4 c6 17.Qe5 Nd5 18.Ne2 Rad8 19.c4 Nf6 20.f3 b6 21.Nf4 Rfe8 22.h5 Qd6
23.h6 exf3 24.gxf3 Qxe5 25.dxe5 Nd7 26.hxg7 Nxe5 27.Rxd8 Rxd8 28.Nxe6 Re8
29.Nd4 c5 30.Nxf5 Nxf3 31.Rh3 Nd2+ 32.Kc2 Nxc4 33.b3 Ne5 34.e4 Nc6 35.Rg3 Re6
36.a3 Ne7 37.Rd3 Nxf5 38.exf5 Re2+ 39.Kd1 Rf2 40.Rd7 Rxf5 41.Rxa7 Rf7 42.Ra6 Rf6
43.a4 Kxg7 44.a5 bxa5 45.Rxa5  1/2-1/2

[Event "Open A"]
[Site "Hamburg GER"]
[Date "2005.10.06"]
[Round "6"]
[White "Halkias,S"]
[Black "Salov,S"]
[Result "1-0"]
[WhiteElo "2540"]
[BlackElo "2293"]

1.d4 Nf6 2.Bg5 Ne4 3.Bh4 g5 4.f3 gxh4 5.fxe4 c5 6.e3 Nc6 7.Nf3 Bh6 8.d5 Nb8
9.Nc3 O-O 10.e5 d6 11.Bd3 c4 12.Bxc4 dxe5 13.O-O h3 14.Qe2 Qb6 15.Rae1 Bg7
16.Kh1 Qh6 17.gxh3 Kh8 18.h4 f5 19.Qg2 Nd7 20.e4 Nb6 21.Bb3 f4 22.Rg1 Bd7
23.Rd1 Bf6 24.d6 e6 25.Qg4 Rae8 26.Ng5 Bxg5 27.Qxg5 Qf6 28.Rd2 Bc6 29.Rdg2 Rd8  1-0

[Event "Open A"]
[Site "Hamburg GER"]
[Date "2005.10.07"]
[Round "5"]
[White "Reddmann,H"]
[Black "Stellwagen,R"]
[Result "1-0"]
[WhiteElo "2319"]
[BlackElo "2167"]

1.d4 Nf6 2.Bg5 Ne4 3.h4 h6 4.Bf4 c5 5.f3 Nf6 6.dxc5 e5 7.Bxe5 Bxc5 8.Bd6 Qb6
9.Bxc5 Qxc5 10.Nc3 Nc6 11.e4 O-O 12.Qd2 d5 13.exd5 Nb4 14.O-O-O Bf5 15.Nge2 Nfxd5
16.Nxd5 Nxd5 17.Nd4 Bh7 18.Bd3 Bxd3 19.Qxd3 Rac8 20.Kb1 Rfd8 21.c3 Nb6 22.g4 Nc4
23.g5 Qb6 24.Rh2 Ne5 25.Qe4 Qg6 26.Qxg6 fxg6 27.Re1 Nd3 28.Re4 Nc5 29.Re7 Rd7
30.Rhe2 Rxe7 31.Rxe7 Kf8 32.Re5 b6 33.Kc2 Nd7 34.Re6 Kf7 35.Rd6 Nf8 36.Nc6 hxg5
37.hxg5 Rc7 38.Nd4 Rc5 39.f4 Ke7 40.Rc6 Kd7 41.Rxc5 bxc5 42.Nf3 Ne6 43.Kd3 Nxf4+
44.Ke4 Ne2 45.Kd5 Nf4+ 46.Kxc5 Nd3+ 47.Kd5 Nxb2 48.Ne5+ Kc7 49.Nxg6 Na4 50.Kd4 Kd6
51.Nf4 Nc5 52.g6 Nd7 53.c4 Nf8 54.c5+ Kc6 55.Kc4 Nd7 56.Nd3 a6 57.a3 Nf6
58.Ne5+ Kc7 59.Kd4 Nh5 60.Nd3 Nf6 61.Nb4 Nd7 62.Nd5+ Kb7 63.Ne7 Kc7 64.c6 Kd6
65.cxd7 Kxe7 66.Kc5 Kxd7 67.Kb6  1-0

[Event "2nd Bundesliga West 2005-6"]
[Site "Austria AUT"]
[Date "2005.10.08"]
[Round "1"]
[White "Weindl,A"]
[Black "Juergens,Kl"]
[Result "0-1"]
[WhiteElo "2352"]
[BlackElo "2183"]

1.d4 Nf6 2.Bg5 Ne4 3.Bf4 c5 4.d5 Qb6 5.Nd2 Qxb2 6.Nxe4 Qb4+ 7.Qd2 Qxe4 8.e3 e5
9.dxe6 Qxe6 10.Nf3 Be7 11.c4 Nc6 12.Rd1 b6 13.Be2 Bb7 14.O-O d6 15.Ng5 Bxg5
16.Bxg5 f6 17.Bf4 Rd8 18.Bh5+ Ke7 19.Bf3 Na5 20.Bxb7 Nxb7 21.Qc2 Na5 22.Rd5 b5
23.Rfd1 Nxc4 24.a4 a6 25.axb5 axb5 26.Qb1 b4 27.Qc2 Ne5 28.Bxe5 fxe5 29.f4 Qg6
30.Qc4 exf4 31.exf4 Rhe8 32.Rg5 Qf6 33.Qe4+ Kf7 34.Qxh7 Rh8 35.Qd3 g6 36.Rg3 Rh5
37.Re3 Rf5 38.g3 d5 39.Qb5 d4 40.Qb7+ Kf8 41.Re4 d3 42.Qc7 Qd6 43.Qh7 Rh5
44.Qb7 d2 45.Qb5 Rd5 46.Qe2 Kf7 47.g4 Rd4 48.Kf2 c4  0-1

[Event "Bygger'n Masters"]
[Site "Gausdal NOR"]
[Date "2005.10.08"]
[Round "8"]
[White "Svendsen,B"]
[Black "Thomassen,J"]
[Result "1-0"]
[WhiteElo "2205"]
[BlackElo "1963"]

1.d4 Nf6 2.Bg5 Ne4 3.Bf4 d5 4.f3 Nf6 5.e4 dxe4 6.Nc3 exf3 7.Nxf3 Bg4 8.Bd3 e6
9.O-O Bd6 10.Bg5 Be7 11.Kh1 O-O 12.Qe1 Bxf3 13.Rxf3 Nd5 14.Qe4 g6 15.Bh6 Re8
16.Raf1 Bf8 17.Rxf7 Bxh6 18.Rxh7 Qg5 19.Rxh6 Nxc3 20.Rxg6+ Kh8 21.bxc3  1-0

[Event "Vojvodina Quality League"]
[Site "Pancevo SCG"]
[Date "2005.10.08"]
[Round "8"]
[White "Visnjic,D"]
[Black "Vajdic,N"]
[Result "0-1"]
[WhiteElo "2168"]
[BlackElo "2257"]

1.d4 Nf6 2.Bg5 Ne4 3.Bc1 d5 4.e3 e6 5.Bd3 f5 6.c4 c6 7.Nc3 Bd6 8.h4 O-O 9.Nf3 Nd7
10.Bxe4 fxe4 11.Ng5 Qf6 12.f4 exf3 13.Nxf3 Bg3+ 14.Ke2 Qf5 15.Qd3 Qg4 16.Kd2 Nf6
17.Qe2 Bd7 18.Kc2 Ne4 19.Bd2 dxc4 20.Qxc4 b5 21.Qe2 Nf2 22.Rhf1 b4 23.Na4 Qe4+
24.Kb3 Ng4 25.Nc5 Qd5+ 26.Qc4 Bc8 27.e4 Qxc4+ 28.Kxc4 e5 29.Bxb4 Ne3+ 30.Kd3 Nxf1
31.Rxf1 exd4 32.Kxd4 Bg4 33.Ke3 Bxh4 34.Nb7 Rfb8 35.Nxh4 Rxb7 36.Bc3 Be6
37.a3 Rd8 38.Nf3 c5 39.Ne5 Rd6 40.Rf3 Rb8 41.Rg3 g6 42.Nd3 Rc6 43.Ne5 Rcb6
44.Nd3 Rc8 45.Rg5 Rbc6 46.Re5 Bc4 47.Nf4 Kf7 48.Nh3 h6 49.Nf4 Re8 50.Rxe8 Kxe8
51.e5 Kf7 52.Ke4 Rc8 53.b4 cxb4 54.axb4 Be6 55.Kd3 Bc4+ 56.Ke3 Bf1 57.g4 g5
58.Nh5 Be2 59.e6+ Kxe6 60.Ng7+ Kf7 61.Bd4 Bxg4 62.Ke4 Rc4  0-1

[Event "TCh-FIN 2005-6"]
[Site "Vantaa FIN"]
[Date "2005.10.08"]
[Round "3"]
[White "Mertanen,J"]
[Black "Jouhki,Y"]
[Result "1/2-1/2"]
[WhiteElo "2288"]
[BlackElo "2298"]

1.d4 Nf6 2.Bg5 Ne4 3.Bf4 d6 4.f3 Nf6 5.e4 Nbd7 6.Nc3 e5 7.Be3 Be7 8.Nge2 c6
9.Qd2 Qa5 10.g4 b5 11.g5 Nh5 12.d5 c5 13.Ng3 Nxg3 14.hxg3 b4 15.Nd1 Bd8 16.Kf2 Ba6
17.Bh3 Qb5 18.b3 Qb7 19.Nb2 Bb5 20.Bf1 Bxf1 21.Rhxf1 Nb6 22.Qd3 O-O 23.Kg2 Rc8
24.Nc4 Nxc4 25.bxc4 f6 26.gxf6 Bxf6 27.Rh1 Rf7 28.Rh3 Qe7 29.Qd2 Rb8 30.Rb1 Rb6
31.Rb3 g6 32.Rh1 Rf8 33.Rhb1 Rfb8 34.c3 bxc3 35.Qxc3 Bg5 36.Rxb6 Rxb6 37.Rxb6 axb6
38.Bf2 Qa7 39.Qb3 Qa5 40.Kf1 Bd2 41.a4 Kf7 42.Qb5 Qxb5 43.axb5 h5 44.Ke2 Bg5
45.Be1 Kg7 46.Kf1  1/2-1/2

[Event "TCh-BEL 2005-6"]
[Site "Belgium BEL"]
[Date "2005.10.09"]
[Round "1"]
[White "Winants,L"]
[Black "Sadkowsky,D"]
[Result "1-0"]
[WhiteElo "2529"]
[BlackElo "2304"]

1.d4 Nf6 2.Bg5 Ne4 3.Bf4 d5 4.e3 c5 5.Bd3 g6 6.Bxe4 dxe4 7.Nc3 Bg7 8.Nge2 Nc6
9.d5 Ne5 10.Nxe4 Nc4 11.b3 Bf5 12.bxc4 Bxe4 13.O-O Bxa1 14.Qxa1 f6 15.Qd1 g5
16.Bg3 Qa5 17.f3 Bg6 18.e4 O-O 19.h4 h6 20.Qd3 Qa6 21.hxg5 hxg5 22.f4 Rad8
23.f5 Be8 24.Nc3 b6 25.e5 b5 26.cxb5 c4 27.Qe3 Qb6 28.Qxb6 axb6 29.e6 Ra8
30.a4 Bh5 31.Bc7 Rfb8 32.Bxb8 Rxb8 33.Kf2 Kg7 34.Kg3 Rd8 35.Rh1 Be8 36.Kf3  1-0

[Event "USCL"]
[Site "ICC INT"]
[Date "2005.10.12"]
[Round "7"]
[White "Bhat,V"]
[Black "Kaminski,M"]
[Result "1-0"]
[WhiteElo "2429"]
[BlackElo "2449"]

1.d4 Nf6 2.Bg5 Ne4 3.Bf4 c5 4.f3 Nf6 5.dxc5 Qa5+ 6.Qd2 Qxc5 7.e4 d6 8.Nc3 Nbd7
9.Be3 Qc6 10.Nge2 a6 11.Nd4 Qc7 12.g4 h6 13.h4 b5 14.Rg1 b4 15.Na4 e5 16.Nf5 d5
17.g5 hxg5 18.hxg5 d4 19.gxf6 dxe3 20.Qd5 Bb7 21.fxg7 Bxg7 22.Nxg7+ Kf8 23.Qb3 a5
24.Nf5 Rc8 25.O-O-O Bc6 26.Nd6 Rh7 27.Nxc8 Qxc8 28.Qc4 Rh2 29.Nc5 Bb5 30.Nxd7+ Bxd7
31.Qxc8+ Bxc8 32.Rd8+  1-0

[Event "Chigorin Mem"]
[Site "St Petersburg RUS"]
[Date "2005.10.15"]
[Round "1"]
[White "Elfert,A"]
[Black "Slizhevsky,A"]
[Result "0-1"]
[WhiteElo "2125"]
[BlackElo "2422"]

1.d4 Nf6 2.Bg5 Ne4 3.Bf4 c5 4.f3 Qa5+ 5.Nd2 Nxd2 6.Bxd2 Qb6 7.Bc3 d5 8.Qd2 e6
9.O-O-O Nc6 10.e4 cxd4 11.Bxd4 Qxd4 12.Qxd4 Nxd4 13.Rxd4 Bc5 14.Bb5+ Ke7
15.Rd3 a6 16.Ba4 b5 17.Bb3 dxe4 18.fxe4 Bb7 19.Nf3 Bxe4 20.Rc3 Rac8 21.Rf1 b4
22.Rc4 Be3+ 23.Kb1 Rxc4 24.Bxc4 Rc8 25.b3 Rc5 26.Re1 Bxf3 27.Rxe3 Bxg2 28.Bxa6 f5
29.Bc4 Bd5 30.Bd3 Kf6 31.Rh3 h6 32.Rh4 Be4 33.Bxe4 Kg5 34.Rh3 fxe4 35.Kc1 Rd5
36.c4 bxc3 37.Rxc3 Kf4 38.Rc6 e5 39.Rc7 e3 40.Rf7+ Ke4 41.Rf1 e2 42.Rh1 Kf3
43.h4 Kg2  0-1